000 00827cab a2200241 4500
001 ABS67509
008 040218n2004 000 0 eng u
035 _a(Sirsi) u125180
100 _aBoyd, H.
245 _aTo develop or not to develop?
260 _c2004
490 _aEstates Gazette
_v (0406) 7 February 2004, 140-141(2)
520 _aExamines a number of key aspects of development appraisal. Themes discussed include: awareness of sensitivities and market factors; pros and cons of prelets and appraisals for regeneration areas.
590 _aABS
650 _aDEVELOPMENT APPRAISAL
650 _aAPPRAISAL
650 _aPROPERTY DEVELOPMENT
650 _aADVANTAGE WEST MIDLANDS CPD CENTRE
650 _aREGENERATION
690 _aPROPERTY-PROPERTY DEVELOPMENT
700 _aWalker, H.
942 _n0
999 _c74154
_d74154